| 000 | 00391nam a22001457a 4500 | ||
|---|---|---|---|
| 999 |
_c16937 _d16937 |
||
| 008 | 180709b xxu||||| |||| 00| 0 eng d | ||
| 020 | _a0826464564 | ||
| 100 | _aGunter, Helen M. | ||
| 245 |
_aLeading Teachers _cHelen M. Gunter |
||
| 260 |
_aLondon _bContinuum _c2005 |
||
| 300 | _axiii, 129p. | ||
| 650 |
_aTeachers _vTraining of |
||
| 650 | _aEducational Leadership | ||
| 942 |
_2lcc _cBK |
||